Oceania by Five Letters Quiz Stats

 Plays Quiz Updated Oct 21, 2019

Score 0/13 Timer 02:30
16 Plays Today
% Correct
Australia
87.5%
Papua New Guinea
83.5%
New Zealand
82.4%
Micronesia
68.8%
Samoa
59.1%
Tonga
58.9%
Nauru
57.2%
Palau
56.7%
Solomon Islands
55.8%
Vanuatu
54.3%
Kiribati
54.2%
Tuvalu
53.1%
Marshall Islands
52.7%

You're not logged in!

Compare scores with friends on all Sporcle quizzes.
OR
Log In

Sporcle TV

Today on Sporcle TV


Watch our educational content, quiz creation guides, and fun videos on Sporcle TV.

Show Comments

Extras

Top Quizzes Today


Score Distribution

Your Account Isn't Verified!

In order to create a playlist on Sporcle, you need to verify the email address you used during registration. Go to your Sporcle Settings to finish the process.

Report this User

Report this user for behavior that violates our Community Guidelines.

Details: